Catàleg del Col·legi de Periodistes de Catalunya

Lleonard Delshams des del retrovisor / (Registre núm. 8032)

000 -CABECERA
Longitud fija campo de control 00743nam a22001934i 4500
003 - IDENTIFICADOR DEL NÚMERO DE CONTROL
Identificador del número de control OSt
005 - FECHA Y HORA DE LA ÚLTIMA TRANSACCIÓN
Fecha y hora de la última transacción 20250722134844.0
008 - CÓDIGOS DE INFORMACIÓN DE LONGITUD FIJA
Códigos de información de longitud fija 250710e202504 spco||||||||| 000 0bcat|c
040 ## - FUENTE DE LA CATALOGACIÓN
Centro transcriptor cdmr
Lengua de catalogación cat
100 1# - PUNTO DE ACCESO PRINCIPAL-NOMBRE DE PERSONA
Nombre de persona Delshams, Lleonard,
Fechas asociadas al nombre 1956-
Término indicativo de función fotògraf
-- autor
245 10 - MENCIÓN DE TÍTULO
Título Lleonard Delshams des del retrovisor /
Mención de responsabilidad, etc. autor: Lleonard Delshams Valdès, cura de l'edició: Anna Sàez Mateu i Josep Grau Santesmasses
264 #1 - PRODUCCIÓN, PUBLICACIÓN , DISTRIBUCIÓN, FABRICACIÓN Y COPYRIGHT
Lugar de producción, publicación, distribución, fabricación Lleida :
Nombre del productor, editor, distribuidor, fabricante Edicions de la Clamor,
Fecha de de producción, publicación, distribución, fabricación o copyright 2025
300 ## - DESCRIPCIÓN FÍSICA
Extensión 143 pàgines :
Otras características físicas il·lustracions ;
Dimensiones 19 x 24 cm
600 17 - PUNTO DE ACCESO ADICIONAL DE MATERIA - NOMBRE DE PERSONA
Nombre de persona Delshams, Lleonard,
Fechas asociadas al nombre 1956-
651 #7 - PUNTO DE ACCESO ADICIONAL DE MATERIA - NOMBRE GEOGRÁFICO
Nombre geográfico Lleida (Catalunya)
Subdivisión de forma Llibres de làmines.
700 1# - PUNTO DE ACCESO ADICIONAL - NOMBRE DE PERSONA
Nombre de persona Sàez Mateu, Anna,
Término indicativo de función editor literari
700 1# - PUNTO DE ACCESO ADICIONAL - NOMBRE DE PERSONA
Nombre de persona Grau Santesmasses, Josep,
Término indicativo de función editor literari
942 ## - ENTRADA DE ELEMENTOS AGREGADOS (KOHA)
Fuente de clasificaión o esquema
Koha [por defecto] tipo de item Monografies
Fons
Suprimido Perdido Estropeado No para préstamo Localización permanente Localización actual Fecha adquisición Fuente de adquisición Signatura completa Código de barras Fecha última consulta Fecha del precio de reemplazo Tipo de item de Koha
        Centre de Documentació Montserrat Roig Centre de Documentació Montserrat Roig 2025-07-22 Donació Fa 6/24 CDMR25070003 2025-07-22 2025-07-22 Monografies

Implantat amb Koha